Systems of land tenure in various countries (Record no. 165936)
[ view plain ]
| 000 -LEADER | |
|---|---|
| campo de control de longitud fija | 00636nam a22001695i 4500 |
| 001 - NÚMERO DE CONTROL | |
| campo de control | 165936 |
| 003 - IDENTIFICADOR DE NÚMERO DE CONTROL | |
| campo de control | ES-MaACL |
| 005 - FECHA Y HORA DE LA ÚLTIMA TRANSACCIÓN | |
| campo de control | 20230906213231.0 |
| 008 - DATOS DE LONGITUD FIJA--INFORMACIÓN GENERAL | |
| campo de control de longitud fija | 030227s1870 xxk |||| | eng d |
| 040 ## - FUENTE DE CATALOGACIÓN | |
| Centro catalogador/agencia de origen | CCPB | B |
| Lengua de catalogación | spa |
| Centro/agencia transcriptor | CCPB | B |
| 245 00 - MENCIÓN DEL TÍTULO | |
| Título | Systems of land tenure in various countries |
| Resto del título | : a series of essays published under the sanction of the Cobden Club. |
| 260 ## - PUBLICACIÓN, DISTRIBUCIÓN, ETC. | |
| Lugar de publicación, distribución, etc. | London : |
| Nombre del editor, distribuidor, etc. | Macmillan and Co., |
| Fecha de publicación, distribución, etc. | 1870. |
| 300 ## - DESCRIPCIÓN FÍSICA | |
| Extensión | VI, 420 p. ; |
| Dimensiones | 22 cm. |
| 650 #4 - PUNTO DE ACCESO ADICIONAL DE MATERIA--TÉRMINO DE MATERIA | |
| Término de materia o nombre geográfico como elemento de entrada | Tierra- |
| Subdivisión general | Propiedad (Derecho) |
| 9 (RLIN) | 136929 |
| 710 2# - ENTRADA AGREGADA--NOMBRE DE ENTIDAD CORPORATIVA | |
| Nombre de entidad corporativa o nombre de jurisdicción como elemento de entrada | Cobden Club (London, England) |
| 9 (RLIN) | 2870 |
| 852 ## - LOCALIZACIÓN | |
| Ubicación | ES-MaACL |
| Número de control de estantería | C-2447 |
| Nota libre | -- Enc. tela |
| -- | -- Este ejemp. tiene VI, 420, 39 p. |
| Estatus retirado | Estado de pérdida | Estado de daño | No para préstamo | Colección | Biblioteca de origen | Biblioteca actual | Ubicación en estantería | Fecha de adquisición | Fuente de adquisición | Total de préstamos | Signatura topográfica completa | Código de barras | Visto por última vez | Precio de reemplazo | Tipo de ítem Koha |
|---|---|---|---|---|---|---|---|---|---|---|---|---|---|---|---|
| Libros del s. XIX | Biblioteca del Ateneo de Madrid | Biblioteca del Ateneo de Madrid | Sala Palomar | 17/01/2008 | C-2447 | 1174021 | 23/02/2023 | 23/02/2023 | Libro impreso antiguo |
